The economics of the Asean countries : Indonesia, Malaysia, Philippines, Singapore and Thailand

Bibliographic Details
Main Author: Wawn, Brian (Author)
Format: Book
Published: London : The Macmillan , c1982
Subjects:

MARC

LEADER 00000cam a2200000 7i4500
001 0000007883
005 20071115093000.0
008 021119s1982
090 0 0 |a HB126.A8   |b W3 1982 
100 0 |a Wawn, Brian ,   |e author 
245 1 4 |a The economics of the Asean countries :   |b Indonesia, Malaysia, Philippines, Singapore and Thailand   |c Brian Wawn 
260 2 |a London :   |b The Macmillan ,   |c c1982 
300 |a ix, 188 p. ;   |c 22 cm. 
504 |a Includes bibliographical references (p. 180-183) and index 
651 0 |a Southeast Asia   |x Economic conditions 
999 |a 1000003856   |b Book   |c OPEN SHELF (30 DAYS)   |e Gong Badak Campus